LIBRARY & INFORMATION CENTRE, KCAET, TAVANUR

ONLINE PUBLIC ACCESS CATALOGUE (OPAC)

Kathayude kalathanthram / | കഥയുടെ കലാതന്ത്രം (Record no. 19500)

MARC details
000 -LEADER
fixed length control field 00452nam a22001577a 4500
003 - CONTROL NUMBER IDENTIFIER
control field OSt
008 - FIXED-LENGTH DATA ELEMENTS--GENERAL INFORMATION
fixed length control field 250902b |||||||| |||| 00| 0 eng d
041 ## - LANGUAGE CODE
Language code of text/sound track or separate title mal
082 ## - DEWEY DECIMAL CLASSIFICATION NUMBER
Classification number 894.8127
Item number RAV/KA
100 ## - MAIN ENTRY--AUTHOR NAME
Personal name Ravikumar, K. S
245 ## - TITLE STATEMENT
Title Kathayude kalathanthram /
Remainder of title കഥയുടെ കലാതന്ത്രം
260 ## - PUBLICATION, DISTRIBUTION, ETC. (IMPRINT)
Place of publication Thiruvananthapuram :
Name of publisher Chintha Publishers,
Year of publication 2024.
300 ## - PHYSICAL DESCRIPTION
Number of Pages 216 p.
650 ## - SUBJECT ADDED ENTRY--TOPICAL TERM
Topical Term Literary study
942 ## - ADDED ENTRY ELEMENTS (KOHA)
Koha item type Books
Holdings
Withdrawn status Lost status Damaged status Home library Current library Date acquired Source of acquisition Cost, normal purchase price Full call number Accession Number Koha item type
      KAUAET KAUAET 02/09/2025 Donated by KT Jaleel MLA 310.00 894.8127 RAV/KA 26303 Books
free website counter